000 00779cam a2200229 4500
001 WS122028
008 030416n 000 0 eng u
035 _a(Sirsi) u122028
245 _aArtprice.com
520 _aSubscription web site which records auction results for paintings, tapestry, prints, posters, sculpture and photography. Also gives biographies of artists and a database of signatures, monograms and symbols.
650 _aAUCTION RESULTS
650 _aPAINTINGS
650 _aTEXTILES
650 _aPHOTOGRAPHY
650 _aSCULPTURE
650 _aPOSTERS
650 _aPRINTS
650 _aBIOGRAPHIES
690 _aArts and antiques
_96217
856 4 0 _uhttps://www.artprice.com
_zView the website free of charge at www.artprice.com...
942 _n0
999 _c120280
_d120280